000
00281pab a2200109 454500
008
180718b xxu||||| |||| 00| 0 eng d
100
_a
Gupta, R.K
245
_a
Purchase of immovable property by govt. under I.T. Act
650
_a
Finance
773
_a
Financial Express
909
_a
24076
999
_c
24076
_d
24076